| 000 | 00654nam a2200181 i 4500 | ||
|---|---|---|---|
| 001 | 157533 | ||
| 003 | ES-MaACL | ||
| 005 | 20250718063328.0 | ||
| 008 | 940301s1887 sp |||| | spa d | ||
| 040 |
_aAS _bspa |
||
| 100 | 0 |
_aLeón _bXIII, _cPapa _971654 |
|
| 245 | 1 | 0 |
_aPoesías latinas / _cJoaquín Pecci (León XIII) ; puestas en rima castellana por Jaime Martí-Miquel. |
| 260 |
_aMadrid : _b[s.n.], _c1887 ( _fCampuzano) |
||
| 300 |
_a94 p. ; _c19 cm. |
||
| 700 | 1 |
_aMartí-Miquél, Jaime. _9159250 |
|
| 852 |
_aES-MaACL _jT-599-F-10 _z-- Enc. hol. conservando la cub. original _z-- Enc. en un vol. facticio |
||
| 999 |
_c157533 _d157533 |
||